000 00851nam a2200277Ia 4500
008 160216s9999 xx 000 0 und d
020 _a978-1-4180-5191-4
050 _aMAIN KF 951
050 _b.M67 2008
100 _aMorris, Karen L.
245 _aHotel, restaurant, and travel law :
245 _ba preventive approach /
245 _cKaren L. Morrism Norman G. Cournoyer, Anthony G. Marshall.
250 _a7th Edition
260 _aNew York :
260 _bThomson Delmar Learning.
260 _c2008
300 _a744 pages :
300 _c24 cm.
500 _aIncludes index.
650 _aHospitality industry -- Law and legislation --United States.
650 _aHotels --
650 _aLegal status, laws, etc -- United States.
650 _xLaw and legislation -- United States.
650 _xTravel agents --
999 _c290857
_d290857